MACHINIST (Record no. 15506)
[ view plain ]
| 000 -LEADER | |
|---|---|
| fixed length control field | 00327nam a22001457a 4500 |
| 003 - CONTROL NUMBER IDENTIFIER | |
| control field | OSt |
| 008 - FIXED-LENGTH DATA ELEMENTS--GENERAL INFORMATION | |
| fixed length control field | 180818b ||||| |||| 00| 0 eng d |
| 082 ## - DEWEY DECIMAL CLASSIFICATION NUMBER | |
| Classification number | 694.1 |
| Item number | SAL/MA |
| 100 ## - MAIN ENTRY--AUTHOR NAME | |
| Personal name | Salariya, K.S |
| 245 ## - TITLE STATEMENT | |
| Title | MACHINIST |
| 260 ## - PUBLICATION, DISTRIBUTION, ETC. (IMPRINT) | |
| Place of publication | New Delhi |
| Name of publisher | McGraw-Hill |
| 300 ## - PHYSICAL DESCRIPTION | |
| Number of Pages | 232 |
| 700 ## - ADDED ENTRY--PERSONAL NAME | |
| Personal name | Gupta, Y.P |
| 942 ## - ADDED ENTRY ELEMENTS (KOHA) | |
| Koha item type | Books |
| Withdrawn status | Lost status | Damaged status | Home library | Current library | Date acquired | Full call number | Accession Number | Koha item type |
|---|---|---|---|---|---|---|---|---|
| KAUAET | KAUAET | 18/08/2018 | 694.1 SAL/MA | 15669 | Books |
